header

Feminist sociology (Record no. 74004)

MARC details
000 -LEADER
fixed length control field 01132nam a2200325 a 4500
082 04 - DEWEY DECIMAL CLASSIFICATION NUMBER
Classification number 305.42/0941
100 1# - MAIN ENTRY--AUTHOR NAME
Personal name Delamont, Sara,
245 10 - TITLE STATEMENT
Title Feminist sociology
260 ## - PUBLICATION, DISTRIBUTION, ETC. (IMPRINT)
Place of publication London :
Name of publisher Sage,
Year of publication 2003.
300 ## - PHYSICAL DESCRIPTION
Number of Pages xv, 195 p.
490 1# - SERIES STATEMENT
Series statement New horizons in sociology
650 #0 - SUBJECT ADDED ENTRY--TOPICAL TERM
Topical Term Feminist theory.
Topical Term Sociology.
856 40 - ELECTRONIC LOCATION AND ACCESS
Uniform Resource Identifier http://site.ebrary.com/lib/rucke/Doc?id=10076765

No items available.

© 2026 Rongo University
Contact us: librarian | system librarian | Rongo university